[Event "Martigny op"]
[Site "Martigny"]
[Date "2005.07.31"]
[Round "5"]
[White "Starostits, Ilmars"]
[Black "Gendre, Stephane"]
[Result "1-0"]
[WhiteElo "2474"]
[BlackElo "2094"]
[PlyCount "41"]
[EventDate "2005.07.29"]
[EventType "swiss"]
[EventRounds "7"]
[EventCountry "SUI"]
[SourceTitle "CBM 107 Extra"]
[Source "ChessBase"]
[SourceDate "2005.09.01"]
[SourceVersion "1"]
[SourceVersionDate "2005.09.01"]
[SourceQuality "1"]

1. e4 g6 2. d4 Bg7 3. Nc3 c6 4. Nf3 d5 5. h3 Nh6 6. Bf4 f6 7. Qd2 Nf7 8. 0-0-0 0-0 9. Kb1 e5 10. Bh2 dxe4 11. Nxe4 exd4 12. Bc4 Kh8 13. Bxf7 Rxf7 14. Nd6 Rf8 15. Qxd4 Qb6 16. Qc4 h6 17. Nh4 Kh7 18. Nxc8 Rxc8 19. Qg4 Na6 20. Qxg6+ Kh8 21. Rd7 1-0

[Event "Martigny op"]
[Site "Martigny"]
[Date "2005.07.30"]
[Round "2"]
[White "Gendre, Stephane"]
[Black "Keysener, Philippe"]
[Result "1-0"]
[WhiteElo "2094"]
[BlackElo "1732"]
[PlyCount "47"]
[EventDate "2005.07.29"]
[EventType "swiss"]
[EventRounds "7"]
[EventCountry "SUI"]
[SourceTitle "CBM 107 Extra"]
[Source "ChessBase"]
[SourceDate "2005.09.01"]
[SourceVersion "1"]
[SourceVersionDate "2005.09.01"]
[SourceQuality "1"]

1. Nf3 Nf6 2. g3 g6 3. Bg2 Bg7 4. d3 d5 5. 0-0 0-0 6. Nbd2 c5 7. c3 Nc6 8. e4 dxe4 9. dxe4 Qc7 10. Qe2 Bg4 11. h3 Bxf3 12. Nxf3 Rad8 13. e5 Nd5 14. e6 Ne5 15. exf7+ Rxf7 16. Ng5 Rf6 17. f4 h6 18. Ne4 Re6 19. fxe5 Qxe5 20. Qc4 b6 21. Bf4 Nxf4 22. gxf4 Qf5 23. Ng3 Qf6 24. Rae1 1-0

[Event "SUI-ch op"]
[Site "Leukerbad"]
[Date "2002.07.17"]
[Round "7"]
[White "Raeber, Markus"]
[Black "Gendre, Stephane"]
[Result "1-0"]
[WhiteElo "2264"]
[BlackElo "2125"]
[PlyCount "53"]
[EventDate "2002.07.11"]
[EventType "swiss"]
[EventRounds "9"]
[EventCountry "SUI"]
[SourceTitle "CBM 089 Extra"]
[Source "ChessBase"]
[SourceDate "2002.09.10"]
[SourceVersion "2"]
[SourceVersionDate "2002.09.10"]
[SourceQuality "1"]

1. e4 g6 2. d4 Bg7 3. Nc3 d6 4. Be3 a6 5. Be2 b5 6. Nf3 Bb7 7. a3 Nd7 8. 0-0 e6 9. Qd2 Ngf6 10. e5 dxe5 11. dxe5 Ng4 12. Bg5 Qc8 13. Rad1 Ngxe5 14. Nxe5 Nxe5 15. f4 Nd7 16. Bf3 Nf6 17. Qd4 Nh5 18. Qc5 f6 19. Bc6+ Bxc6 20. Qxc6+ Ke7 21. Rfe1 fxg5 22. Nd5+ Kf7 23. Nxc7 Rd8 24. Rxd8 Qxd8 25. Nxe6 Qc8 26. Nxg5+ Kf8 27. Qd6+ 1-0